01187nam a22002417a 4500003000800000008004100008037002100049039004600070040003500116080001100151100003600162245019200198260009000390300002000480502012300500650010800623650010100731655001200832700002400844710004700868942001300915999001700928BI-BuBU260609b20269/6 bd ||||f |||| 00| 0 fre d bDon de l´auteur a20260609094230.0bJean Baptiste Ndikumana aBI-BuBUbfrecBI-BuBUdBI-BuBU a325.111 4autaDiallo Nagaheba Chomachoma10aImpact socio-politique de la pénétration massive des refugiés rwandais et burundais dans la plaine de la rusizi en RDC(1959-1996)cDiallo Nagaheba Chomachoma;Joseph Gahama,directeur aBujumburabUniversité du burundi, Faculté des lettres et sciences humaines c2024 aXIII-126fc30cm aMémoire présenté et soutenu publiquement en vue de l´obtention du diplôme de Master en Histoire et Patrimoine 72BI-BuBUarefugiés rwandaisvpénétration massiveximpact socio-politiquey1959-1996zrusizi en RDC 7arefugiés burundaisvpénétration massive ximpact socio-politiquey1959-1996zrusizi en RDC 72BI-BuBU1 4dir.aJoseph Gahama aFaculté des lettres et sciences humaines 2udccMEM c53990d53990